000 01131nam0a22002771 4500
001 rc\3431862
005 20260407093430.0
021 _aRU
_bРг14252-73
035 _a(NLR Aleph) 007563144
090 _a5323440
_c5323440
100 _a20130115d1973 |||y0rusy50 ca
101 0 _arus
102 _aRU
105 _ay a |||||
200 1 _aБиблиография к знаменательным и памятным датам Ленинградской области на 1973 год
_fУпр. культуры Леноблисполкома. Ленингр. обл. б-ка
210 _aЛенинград
_cБ. и.
_d1973
215 _a35 с.
_d17
300 _aСост. указан на обороте тит. л.
700 1 _4220
_7ca
_8rus
_aГуревич
_bА. Е.
_cбиблиограф
_f1907-1994
_gАда Евсеевна
_9214635
_3RU\NLR\AUTH\770214691
712 0 2 _aЛенинградская областная библиотека
_3RU\NLR\AUTH\889917137
_9330443
801 0 _aRU
_bNLR
_gpsbo
801 1 _aRU
_bELAR
_2rusmarc
852 _aNLR
_jС581лен./Г95
942 _cBOOK
980 _aNB